<?xml version="1.0" encoding="UTF-8"?>
<collection xmlns="http://www.loc.gov/MARC21/slim">
 <record>
  <leader>00788nam a22001815a 4500</leader>
  <controlfield tag="001">EEA.libagro001227</controlfield>
  <controlfield tag="005">20180612095745.0</controlfield>
  <controlfield tag="008">130809s1953####fr#a##########100#0#fre#d</controlfield>
  <datafield tag="082" ind1="0" ind2="4">
   <subfield code="a">507.2</subfield>
  </datafield>
  <datafield tag="082" ind1="0" ind2="4">
   <subfield code="a">551.37</subfield>
  </datafield>
  <datafield tag="110" ind1="2" ind2=" ">
   <subfield code="a">Centre national de la recherche scientifique (France)</subfield>
  </datafield>
  <datafield tag="111" ind1="2" ind2=" ">
   <subfield code="a">Colloques internationaux du Centre national de la recherche scientifique</subfield>
   <subfield code="n">(35 :</subfield>
   <subfield code="d">27-31 mars 1951 :</subfield>
   <subfield code="c">Alger)</subfield>
  </datafield>
  <datafield tag="245" ind1="1" ind2="0">
   <subfield code="a">Actions éoliennes, phénomènes d'évaporation et d'hydrologie superficielle dans les régions arides.</subfield>
  </datafield>
  <datafield tag="260" ind1=" " ind2=" ">
   <subfield code="a">Paris,</subfield>
   <subfield code="c">1953.</subfield>
  </datafield>
  <datafield tag="300" ind1=" " ind2=" ">
   <subfield code="a">373 p. :</subfield>
   <subfield code="b">il. ;</subfield>
   <subfield code="c">25 cm.</subfield>
  </datafield>
  <datafield tag="490" ind1="1" ind2=" ">
   <subfield code="a">Colloques internationaux ;</subfield>
   <subfield code="v">35</subfield>
  </datafield>
  <datafield tag="810" ind1="2" ind2=" ">
   <subfield code="a">Centre national de la recherche scientifique (France).</subfield>
   <subfield code="t">Colloques internationaux,</subfield>
   <subfield code="v">35</subfield>
  </datafield>
  <datafield tag="859" ind1=" " ind2=" ">
   <subfield code="a">AR-BbBCA</subfield>
   <subfield code="b">BIB. AGRONOMIA</subfield>
   <subfield code="h">507.2</subfield>
   <subfield code="i">C397</subfield>
   <subfield code="p">1959/0553</subfield>
   <subfield code="v">35</subfield>
   <subfield code="3">35</subfield>
  </datafield>
 </record>
</collection>
